Statistiques concernant Quiz sur le Burkina Faso

Cliquez ici pour prendre le quiz!

Statistiques générales

  • Ce quiz a été pris 3 314 fois
  • Le résultat moyen est 13 sur 20

Statistiques - réponses

QuestionRéponse% Correct
Pays frontaliersMali
93%
Pays qui possédait cette colonie de 1896 à 1960France
92%
Pays frontaliersNiger
89%
Religion la plus pratiquéeIslam
88%
Pays frontaliersTogo
88%
Pays frontaliersCôte d'Ivoire
87%
CapitaleOuagadougou
86%
Pays frontaliersGhana
85%
Pays frontaliersBénin
84%
Devise monétaire actuelleFranc {CFA}
78%
Nom des habitants du Burkina FasoBurkinabé
77%
Métal qui représente 47% des exportations du Burkina FasoOr
64%
Terme désignant la frontière sud semi-aride
du Sahara, dont le nord du Burkina Faso
Sahel
61%
Ancien nom colonial du Burkina FasoHaute-{Volta}
54%
Révolutionnaire marxiste du Burkina Faso, surnommé
le « Che Guevara africain », assassiné en 1987
Thomas {Sankara}
39%
Devise qui devrait remplacer celle-ci dans 16 pays
d'Afrique de l'Ouest, dont le Burkina Faso, en 2020
Eco
34%
Ce que signifie « Burkina Faso »Pays des Hommes {Intègres}
26%
Produit végétal qui représente 31% des exportations du paysCoton
22%
Langue de ce peuple qui est également la plus parlée au Burkina FasoMòoré
12%
Ethnie majoritaire du Burkina FasoM{ossi}
12%

Distribution des résultats

Percentile par nombre de réponses

% des personnes avec chaque résultat

Votre développement - résultats

Vous n’avez pas pris ce quiz